[Event "Nuremberg-ch op 02nd"]
[Site "Nuremberg"]
[Date "2002.06.23"]
[Round "4"]
[White "Brehm, Thorsten"]
[Black "Collmann, Martin"]
[Result "1-0"]
[WhiteElo "1581"]
[BlackElo "1202"]
[PlyCount "71"]
[EventDate "2002.06.21"]
[EventType "swiss"]
[EventRounds "5"]
[EventCountry "GER"]
[SourceTitle "EXT 2006"]
[Source "ChessBase"]
[SourceDate "2005.11.24"]
[SourceVersion "1"]
[SourceVersionDate "2005.11.24"]
[SourceQuality "1"]

1. b4 e5 2. a3 d5 3. Bb2 Bd6 4. e3 f5 5. c4 c6 6. Nf3 Qe7 7. Qc2 Nf6 8. Be2 Bd7 9. c5 Bc7 10. d4 e4 11. Ne5 0-0 12. Nxd7 Nbxd7 13. Nc3 b6 14. h3 bxc5 15. dxc5 Ne5 16. Rc1 a5 17. 0-0 Rab8 18. Na2 Nfd7 19. Qd1 Qg5 20. Bd4 f4 21. exf4 Qxf4 22. g3 Qh6 23. Bg4 Nf3+ 24. Kg2 Nf6 25. Bxf3 exf3+ 26. Qxf3 Ne4 27. Qg4 Nd2 28. Be3 Qf6 29. Bxd2 Qb2 30. Bc3 Rxf2+ 31. Rxf2 Qxf2+ 32. Kxf2 Bxg3+ 33. Kxg3 Kf7 34. Qxg7+ Ke6 35. Re1+ Kf5 36. Qf6# 1-0